Enforcement of charges handbook

Bibliographic Details
Other Authors: Wong, Kim Fatt (Editor)
Format: Book
Language:English
Published: Kuala Lumpur : Malayan Law Journal 1999
Subjects:

MARC

LEADER 00000cam a2200000 7i4500
001 0000006671
005 20241001.0
008 000211 my eng
020 |a 9679621294 
040 |a INS   |b eng   |e rda 
090 0 0 |a KPG659   |b .E53 1999 
245 0 0 |a Enforcement of charges handbook   |c advisory editor Wong Kim Fatt 
264 1 |a Kuala Lumpur :   |b Malayan Law Journal   |c 1999 
300 |a 428 pages 
336 |a text  |2 rdacontent 
337 |a unmediated  |2 rdamedia 
338 |a volume  |2 rdacarrier 
650 0 |a Land charges   |z Malaysia 
650 0 |a Land laws   |z Malaysia 
650 0 |a Land tenure   |z Malaysia 
650 0 |a Land title   |z Malaysai 
700 0 |a Wong, Kim Fatt ,   |e editor 
999 |a 0000007497   |b BOOK   |c Open Shelf   |e Default branch